Loading...
System of administration and Indian polity
| Main Author: | |
|---|---|
| Format: | Printed Book |
| Published: |
New Delhi, Deep&Deep
1988
|
| Subjects: |
| LEADER | 005690000a22002050004500 | ||
|---|---|---|---|
| 082 | |a 954 M81 | ||
| 100 | |a Chesney, Sir George | ||
| 245 | |a System of administration and Indian polity | ||
| 260 | |a New Delhi, Deep&Deep | ||
| 260 | |c 1988 | ||
| 465 | |a R 325 | ||
| 650 | |a British occupation | ||
| 650 | |a Government | ||
| 650 | |a History | ||
| 650 | |a Indian | ||
| 650 | |a Indian Army | ||
| 650 | |a Politics | ||
| 942 | |c BK | ||
| 999 | |c 3027 |d 3027 | ||
| 952 | |0 0 |1 0 |4 0 |6 954_000000000000000_M81 |7 0 |9 2819 |a MGUL |b MGUL |d 2013-07-16 |e R 325 |l 0 |o 954 M81 |p 03220 |r 2013-07-16 |w 2013-07-16 |y BK | ||